Formovanie, aktuálny stav, tendencie a orientácia rozvoja reklamného priemyslu v blízkej budúcnosti (v prípade Ruskej federácie)

Formovanie, aktuálny stav, tendencie a orientácia rozvoja reklamného priemyslu v blízkej budúcnosti v Ruskej federácie.

Gespeichert in:
Bibliographische Detailangaben
1. Verfasser: Borisova, Ekaterina, 1971-
Format: Buchkapitel
Sprache:Slowakisch
Schlagworte:
Tags: Tag hinzufügen
Keine Tags, Fügen Sie das erste Tag hinzu!

MARC

LEADER 00000naa a2200000 4500
001 0199806
005 20220519134636.7
041 0 |a slo 
044 |a SK 
245 1 0 |a Formovanie, aktuálny stav, tendencie a orientácia rozvoja reklamného priemyslu v blízkej budúcnosti (v prípade Ruskej federácie)  |c Ekaterina Borisova 
520 |a Formovanie, aktuálny stav, tendencie a orientácia rozvoja reklamného priemyslu v blízkej budúcnosti v Ruskej federácie. 
610 2 0 |a globalizácia 
610 2 0 |a Rusko 
610 2 0 |a trh reklamný 
610 2 0 |a propagácia 
610 2 0 |a reklama 
100 1 |a Borisova, Ekaterina, 1971-